| 000 | 00717nam a2200229 i 4500 | ||
|---|---|---|---|
| 001 | bgj | ||
| 100 | 1 |
_aFisiak, Jacek _d(1936- ). |
|
| 245 | 1 | 0 |
_aLongman słownik współczesny : _bangielsko-polski, polsko-angielski / _cJacek Fisiak [et al.]. |
| 260 |
_aHarlow, Essex : _bLongman, _c2004. |
||
| 300 |
_aIX, [2], A38, 1039 pp : _bill. ; _c21 cm. |
||
| 650 | 9 |
_aEnglish language _xTerms and phrases |
|
| 650 | 9 |
_aPolish language _xTerms and phrases |
|
| 655 | _aDictionaries | ||
| 655 | _aSłowniki angielsko-polskie | ||
| 655 | _aSłowniki polsko-angielskie | ||
| 020 | _a0582447755 | ||
| 040 | _cBPK | ||
| 041 | 0 | _aeng | |
| 920 | _a0-582-44775-5 | ||
| 942 | _cKS | ||
| 008 | s uk f |000 0 eng | ||
| 999 |
_c49090 _d49090 |
||
| 856 |
_uhttp://koha.tu.koszalin.pl/cgi-bin/koha/opac-detail.pl?biblionumber=49090 _yKatalog online BPK |
||